Etiqueta de registo: 00000nas 2200025 450
001 2097487
003 http://id.bnportugal.gov.pt/bib/catbnp/2097487
011 ## $a2795-5095
021 ## $aPT$b501092/22
100 ## $a20220412a20229999k y0pory01030103ba
101 0# $apor$aeng
102 ## $aPT
106 ## $ar
110 ## $aaiazz 0uu0
200 1# $aFarta$fAnother Collective$ged. Rafael Tonon
207 #0 $aNº 1 (2022)-
210 #9 $a[Matosinhos]$cAnother Collective,$d2022-
215 ## $d26 cm
305 ## $aEd. bilingue em português e inglês
326 ## $aQuadrimestral
530 1# $aFarta$b(Matosinhos)
620 ## $aMatosinhos
675 ## $a641.56(469)(051)$vBN$zpor$31667631
702 #1 $aTonon,$bRafael,$f1982-$31842737
712 02 $aAnother Collective$4650$31842735
801 #0 $aPT$bBN$gRPC
802 ## $a18
856 41 $uhttp://rnod.bnportugal.gov.pt/ImagesBN/winlibimg.aspx?skey=&doc=2097487&img=172302&save=true
900 ## $aBIBNAC$d20230110
966 ## $lBN$mFGREV$sP.P. 33729 V.$x1
971 ## $clrevez$d20220412
972 ## $e0$z0$d20230110$viquintas
973 ## $cigoulao$d20230110
974 ## $d20230110$e0$vaalmeid
975 ## $e0$d20220525$visabelm